| 000 | 01700cam a2200301 ia4500 | ||
|---|---|---|---|
| 003 | SA-RiAUC | ||
| 005 | 20241021123817.0 | ||
| 008 | 241021s1984 le g b 000r0 ara c | ||
| 040 |
_aSA-TaTUL _bara _cSA-RiAUC _erda |
||
| 082 | 0 | 4 |
_a251 _qSA-RiAUC |
| 090 |
_a251 _b ت ق ي |
||
| 100 | 1 |
_aتقي الدين السبكي، علي بن عبد الكافي بن علي، _d683-756 هجري _eمؤلف. |
|
| 245 | 1 | 2 |
_aالإبهاج في شرح المنهاج على منهاج الوصول إلى علم الأصول للقاضي البيضاوي / _cتأليف علي بن عبد الكافي السبكي، تاج الدين عبد الوهاب بن علي السبكي ؛ كتب هوامشه وصححه جماعة من العلماء بإشراف دار الكتب العلمية. |
| 264 | 1 |
_aبيروت : _bدار الكتب العلمية، _c1984 |
|
| 300 |
_a3 مجلد ؛ _c24 سم |
||
| 336 |
_aنص _btxt _2rdacontent _3كتاب |
||
| 337 |
_aبدون وسيط _bn _2rdamedia |
||
| 338 |
_aمجلد _bnc _2rdacarrier |
||
| 504 | _aيشتمل على ببليوجرافية. | ||
| 650 | 7 |
_aأصول الفقه الإسلامي _2aucsh |
|
| 700 | 1 |
_aتاج الدين السبكي، عبد الوهاب بن علي بن عبد الكافي، _d727-771 هجري _eمؤلف. |
|
| 700 | 1 | 2 |
_iشرح لـ (عمل) : _aالبيضاوي، عبد الله بن عمر بن محمد، _dتوفي 685 هجري. _tمنهاج الوصول إلى علم الأصول. |
| 710 | 2 |
_aدار الكتب العلمية _eمصحح. |
|
| 856 | 4 | _uhttp://10.0.0.90/Tabouk8/1000100008386.pdf | |
| 942 |
_2ddc _cBOOK _n0 |
||
| 949 |
_aSA-JeALM _d241021 _ueid123 _n1 |
||
| 999 |
_c1551 _d1551 |
||